Estadísticas para Los fichajes más caros del fútbol - Temporada 2010-2011

Haz click aquí para intentar la prueba.

Estadísticas generales

  • Esta prueba ha sido intentada 35 veces
  • La puntuación promedio es 8 de 10

Estadísticas de respuestas

Coste (M €)NacionalidadÚltimo clubNuevo clubJugador% Correcto
58,50EspagneLiverpoolChelseaFernando Torres
100%
26,50UruguayAjaxLiverpoolLuis Suárez
100%
37,00Bosnia y HerzegovinaVfL WolfsburgoManchester CityEdin Dzeko
97%
30,00Costa de MarfilFC BarcelonaManchester CityYaya Touré
97%
33,00ArgentinaBenficaReal MadridÁngel Di María
94%
40,00EspagneValencia CFFC BarcelonaDavid Villa
94%
28,75EspagneValencia CFManchester CityDavid Silva
84%
29,50ItaliaInterManchester CityMario Balotelli
69%
25,00BrasilBenficaChelseaDavid Luiz
53%
41,00InglaterraNewcastle Utd.LiverpoolAndy Carroll
34%

Distribución de puntuación

Porcentaje por número respondido

Porcentaje de gente con cada puntuación

Historial de tus puntuaciones

No has intentado esta prueba.